|
|
|
|
| LEADER |
00000nam a22000007a 4500 |
| 005 |
2021090907577.0 |
| 007 |
cr|||| ||| |
| 008 |
210909s2015 br |||||s|||| 00||0 por d |
| 020 |
|
|
|a 978-85-8310-043-0
|
| 035 |
|
|
|a 35060
|
| 040 |
|
|
|a vLex
|
| 090 |
|
|
|c 12369
|d 12369
|
| 100 |
1 |
|
|a De Laurentiis, Thais
|
| 245 |
1 |
0 |
|a Restituiȯ̂ de Tributo Inconstitucional
|h [Recurso electrn̤ico] /
|c Thais De Laurentiis
|
| 256 |
|
|
|a Servicio en ln̕ea
|
| 260 |
|
|
|a San Pablo:
|b Editora Noeses,
|c 2015
|
| 300 |
|
|
|a 1 recurso electrn̤ico
|
| 500 |
|
|
|a A autora debruȧ-se sobre a relaȯ̂ jurd̕ica em que a Fazenda Pb︢lica tem obrigaȯ̂ de restituir valores indevidamente recolhidos pelo contribuinte a tt̕ulo de tributo, uma vez que tais pagamentos foram embasados em lei declarada inconstitucional pelo Poder Judicir̀io. Aborda todos os momentos para a edificaȯ̂ da relaȯ̂ de restituiȯ̂ de tributos inconstitucionais, desde o seu nascimento at ̌a sua extinȯ̂: o procedimento de transformaȯ̂ do pagamento devido em pagamento indevido atravš do controle de constitucionalidade das leis; configuraȯ̂ do critřio material da relaȯ̂ jurd̕ica de indb̌ito entre Fisco e contribuinte, pela qual as quantias indevidamente pagas devem ser restitud̕as; a via eleita para o conhecimento e satisfaȯ̂ do direito do contribuinte como a administrativa ou judicial e, por fim, a extinȯ̂ da relaȯ̂ jurd̕ica de indb̌ito com o advento da decadn̊cia, prescriȯ̂, compensaȯ̂, restituiȯ̂ administrativa ou pagamento de precatr̤ios.
|
| 506 |
1 |
|
|a Disponible solo en los productos indicados
|d vLex Global
|d vLex Global (Academic Edition, excluding Law Schools)
|d vLex Global (U.S. Academic Edition, Law Schools)
|d vLex Global (U.S. Academic Edition, excluding Law Schools)
|d vLex Global (Academic Edition, Law Schools)
|
| 650 |
0 |
4 |
|a Derecho Tributario
|z Brasil
|
| 740 |
0 |
|
|a vLex Libros (Servicio en ln̕ea)
|
| 856 |
4 |
0 |
|u https://app.vlex.com/#/sources/35060
|z Acceso restringido
|
| 942 |
|
|
|c BOOK
|
| 999 |
0 |
|
|a Tax Law
|